Minden nap feladat és ajándék

Bibliographic Details
Other Authors: Jancsó, Péter (Interviewer)
Format: Article
Language:Hungarian
PhysicalDescription:Fotografie
ISSN:2585-9129
Subjects:

MARC

LEADER 00000nab a2200000 4500
001 vtls011970648
003 SK-MaSNL
005 20260318140953.0
008 200601|2020 xo |||| || ||00 0|hun
015 |a SNBRB2020/05 
040 |a DSZK  |b slo  |d DSZK  |e rda 
041 |a hun 
043 |a e-xo--- 
044 |a xo  |c SK 
072 7 |a 82  |x Literatúra. Literárny život  |2 konspekt 
080 |a 821.511.141 (437.6)-1-051  |2 2011 
100 1 |a Jancsó, Péter  |4 ivr  |9 275527 
245 1 0 |a Minden nap feladat és ajándék  |c Jancsó Péter, Hodossy Gyula 
300 |b Fotografie 
336 |a text  |b txt  |2 rdacontent 
337 |a bez média  |b n  |2 rdamedia 
338 |a zväzok  |b nc  |2 rdacarrier 
600 1 7 |a Hodossy, Gyula,  |d 1960-  |2 dszk  |9 92871 
650 0 7 |a maďarskí básnici  |2 SNKPH  |9 74803 
650 0 7 |a osobnosti  |2 SNKPH  |9 29820 
651 7 |a Dunajská Streda (Slovensko)  |2 SNKPHgeo  |9 17375 
700 1 |a Hodossy, Gyula,  |d 1960-  |4 ive  |9 92871 
773 0 |t Magyar7  |g Évf. III, sz. 22 (2020), o. 26-27  |x 2585-9129 
958 |a SK 
958 |a HU 
958 |a RG 
999 |c 2051139  |d 2053069